[Event "POHÁR města Říčany 2023"]
[Site "Městské kulturní středisko U labutě"]
[Date "2023.08.27"]
[Round "2.13"]
[White "Rousek, Jan"]
[Black "Sedlak, Milan"]
[Result "1-0"]
[WhiteElo "2028"]
[BlackElo "1785"]
[WhiteFideId "386669"]
[BlackFideId "23746149"]
[PlyCount "0"]
[EventDate "2023.08.26"]

1. d4 g6 2. c4 Nf6 3. g3 Bg7 4. Bg2 O-O 5. Nc3 d6 6. Nf3 c5 7. O-O Nc6 8. dxc5
dxc5 9. Be3 Qa5 10. Qb3 Ng4 11. Bd2 Qb4 12. Na4 Qxb3 13. axb3 b6 14. h3 Nh6
15. Bxh6 Bxh6 16. Ne5 Nxe5 17. Bxa8 Bxh3 18. Bg2 Bg4 19. Nc3 a5 20. f4 Nd7
21. Bf3 Bh3 22. Rfd1 e5 23. g4 Nf6 24. g5 e4 25. Bh1 1-0

[Event "POHÁR města Říčany 2023"]
[Site "Městské kulturní středisko U labutě"]
[Date "2023.08.27"]
[Round "2.14"]
[White "Stufka, Karel"]
[Black "Novotny, David"]
[Result "0-1"]
[WhiteElo "1730"]
[BlackElo "1985"]
[WhiteFideId "303127"]
[BlackFideId "374083"]
[PlyCount "0"]
[EventDate "2023.08.26"]

1. d4 e6 2. c4 f5 3. Nf3 Nf6 4. g3 Be7 5. Bg2 O-O 6. O-O d6 7. Nc3 Ne4 8. Qc2
Nxc3 9. bxc3 Nc6 10. Ba3 e5 11. e4 f4 12. Rad1 Qe8 13. dxe5 dxe5 14. Bxe7 Qxe7
15. Rd5 Bg4 16. Qb3 Rab8 17. Rb5 b6 18. Rd5 Qf6 19. Nd2 Ne7 20. Rd3 Be2 21. c5+
Kh8 0-1

[Event "POHÁR města Říčany 2023"]
[Site "Městské kulturní středisko U labutě"]
[Date "2023.08.27"]
[Round "2.15"]
[White "Zemlicka, Vit"]
[Black "Slivova, Linda"]
[Result "1-0"]
[WhiteElo "1950"]
[BlackElo "1586"]
[WhiteFideId "303143"]
[BlackFideId "23709294"]
[PlyCount "0"]
[EventDate "2023.08.26"]

1. e4 d5 2. exd5 Qxd5 3. Nc3 Qd6 4. d4 Nf6 5. Nf3 c6 6. h3 Bf5 7. Nh4 Bg6
8. Nxg6 hxg6 9. g3 e6 10. Bg2 Nbd7 11. O-O Qc7 12. Bf4 Bd6 13. Bxd6 Qxd6 14. a4
a5 15. Qd2 O-O 16. Rfd1 Nb6 17. Qe2 Rfd8 18. Ne4 Nxe4 19. Bxe4 Qb4 20. c3 Qc4
21. Bd3 Qd5 22. Be4 Qd7 23. Bg2 Qe7 24. Qc2 Nd5 25. Qe2 Qc7 26. Qc2 e5 27. dxe5
Qxe5 28. Bxd5 Rxd5 29. Rxd5 Qxd5 30. Rd1 Qe6 31. Kg2 Re8 32. Rd2 Qc4 33. b3 Qe6
34. c4 Qe7 35. h4 Rd8 36. Rxd8+ Qxd8 37. Qe4 Qd7 38. Qe5 Qd8 39. Qe3 Kh7 40. Qe4
Kg8 41. Qe5 Kh7 42. Qc5 Qe8 43. Qxa5 Qe4+ 44. Kh2 Qf3 45. Qb6 g5 46. Qe3 Qd1
47. hxg5 Qg4 48. Kg2 Qf5 49. Qf3 Qg6 50. Qf4 Qe6 51. Qe3 Qf5 52. Qf4 Qe6
53. Qh4+ Kg8 54. Qd4 Kh7 55. b4 Qf5 56. b5 cxb5 57. axb5 Qe6 58. Qd5 Qe7 59. c5
Qc7 60. c6 bxc6 61. Qxc6 Qe5 62. b6 Qxg5 63. b7 Qe5 64. Qc8 Qd5+ 65. Kh2 Qf3
66. Qc2+ g6 67. b8=Q 1-0

[Event "POHÁR města Říčany 2023"]
[Site "Městské kulturní středisko U labutě"]
[Date "2023.08.27"]
[Round "2.16"]
[White "Svadlenka, Dominik"]
[Black "Pressler, Tobias"]
[Result "0-1"]
[WhiteElo "1515"]
[BlackElo "1912"]
[WhiteFideId "23716258"]
[BlackFideId "23715359"]
[PlyCount "0"]
[EventDate "2023.08.26"]

1. d4 Nf6 2. c4 e6 3. Nf3 d5 4. Nc3 Be7 5. Bg5 O-O 6. e3 b6 7. cxd5 exd5 8. Bd3
Bb7 9. O-O c5 10. Rc1 Nbd7 11. dxc5 bxc5 12. b3 Rc8 13. Qc2 Qa5 14. Bxh7+ Nxh7
15. Bxe7 Rfe8 16. Ng5 Nxg5 17. Bxg5 d4 18. Qf5 Re6 19. exd4 g6 20. Qg4 cxd4
21. Na4 Rxc1 22. Bxc1 Ba6 23. Qxd4 Bxf1 24. Qxd7 Qe1 25. Qd8+ Re8 26. Bd2 Qxf2+
27. Kxf2 Rxd8 28. Bg5 Rd5 29. Be3 Rf5+ 30. Kg3 a6 31. Nc3 Bd3 32. a4 Kf8 33. b4
Ke8 34. b5 axb5 35. axb5 Bxb5 36. Nxb5 Rxb5 37. h4 Kd7 38. Kg4 Ke6 39. Bf4 Rb4
40. g3 Rb5 41. Bd2 Rf5 42. Bf4 Kd5 43. Kf3 Kd4 44. g4 Rb5 45. g5 Rf5 46. Kg4 Ke4
47. Bg3 Rf1 0-1

[Event "POHÁR města Říčany 2023"]
[Site "Městské kulturní středisko U labutě"]
[Date "2023.08.27"]
[Round "2.17"]
[White "Kopecky, Jiri"]
[Black "Kammova, Katerina"]
[Result "1-0"]
[WhiteElo "1910"]
[BlackElo "1487"]
[WhiteFideId "317152"]
[BlackFideId "23737336"]
[PlyCount "0"]
[EventDate "2023.08.26"]

1. e4 e6 2. d4 d5 3. Nd2 Be7 4. Ngf3 Nf6 5. Bd3 O-O 6. O-O Re8 7. c3 c5 8. Re1
Nc6 9. exd5 Nxd5 10. Nb3 cxd4 11. Nbxd4 Nxd4 12. Nxd4 h6 13. Bc2 Qc7 14. Qd3 Nf6
15. Qf3 Bd7 16. h3 Bc5 17. Rd1 Be7 18. Bb3 Rad8 19. Bd2 a6 20. Re1 e5 21. Nc2
Bxh3 22. Be3 Bd7 23. Qg3 Nh5 24. Qg6 Nf6 25. Bxf7+ Kf8 26. Bb3 Be6 27. Bxe6 Ba3
28. Bb6 1-0

[Event "POHÁR města Říčany 2023"]
[Site "Městské kulturní středisko U labutě"]
[Date "2023.08.27"]
[Round "2.18"]
[White "Meca, Viktor ml."]
[Black "Madle, Robin"]
[Result "0-1"]
[WhiteElo "1421"]
[BlackElo "1899"]
[WhiteFideId "23739800"]
[BlackFideId "393886"]
[PlyCount "0"]
[EventDate "2023.08.26"]

1. e4 c5 2. c3 d5 3. exd5 Qxd5 4. d4 e5 5. Be3 cxd4 6. cxd4 exd4 7. Nc3 Bb4
8. Qxd4 Qxd4 9. Bxd4 Nf6 10. Bb5+ Bd7 11. Bxd7+ Nbxd7 12. Ne2 O-O 13. O-O Rfe8
14. Rfe1 Ne4 15. a3 Bc5 16. Bxc5 Ndxc5 17. Rad1 Rac8 18. Kf1 Kf8 19. f3 Nxc3
20. Nxc3 Rxe1+ 21. Kxe1 Re8+ 22. Kf2 f6 23. b4 Ne6 24. Rd7 Re7 25. Rd6 Nc7
26. Ne4 Kf7 27. Rd3 Ne8 28. Nd6+ Nxd6 29. Rxd6 Rc7 30. Rd3 b6 31. Ke3 Ke7
32. Kd2 Rc6 33. Rc3 Rd6+ 34. Rd3 Re6 35. Rd4 Rc6 36. Kd3 b5 37. Rd5 a6 38. Kd4
Rc1 39. Rc5 Rd1+ 40. Ke4 Ra1 41. Rc3 Ra2 42. g3 Rxh2 0-1

[Event "POHÁR města Říčany 2023"]
[Site "Městské kulturní středisko U labutě"]
[Date "2023.08.27"]
[Round "2.19"]
[White "Gacho, Ondrej"]
[Black "Hejsek, Lukas"]
[Result "0-1"]
[WhiteElo "1659"]
[BlackElo "2081"]
[WhiteFideId "23718102"]
[BlackFideId "393860"]
[PlyCount "0"]
[EventDate "2023.08.26"]

1. f4 d5 2. e3 Nf6 3. b3 g6 4. Bb2 Bg7 5. Nf3 O-O 6. Be2 c5 7. O-O Nc6 8. Qe1
d4 9. exd4 cxd4 10. Bb5 Nh5 11. Bxc6 bxc6 12. Ne5 Qd5 13. c4 dxc3 14. Nxc3 Qd4+
15. Qe3 Qxe3+ 16. dxe3 Bxe5 17. fxe5 Rd8 18. Rad1 Bg4 19. Rd4 Be6 20. Ne4 Rd5
21. Rfd1 Ng7 22. Nc3 Rxd4 23. exd4 Rd8 24. Ne4 Nf5 25. Nc5 Bd5 26. Rd3 h5 27. g3
Kg7 28. Kf2 Nh6 29. h3 Rh8 30. Na6 Nf5 31. Nc5 Be6 32. Rd2 0-1

[Event "POHÁR města Říčany 2023"]
[Site "Městské kulturní středisko U labutě"]
[Date "2023.08.27"]
[Round "2.20"]
[White "Tichy, Tomas"]
[Black "Rajnys, Vladimir"]
[Result "0-1"]
[WhiteElo "1634"]
[BlackElo "2025"]
[WhiteFideId "23715430"]
[BlackFideId "308200"]
[PlyCount "0"]
[EventDate "2023.08.26"]

1. e4 c5 2. Nf3 d6 3. Bb5+ Nd7 4. O-O a6 5. Bd3 g6 6. c3 Ne5 7. Nxe5 dxe5
8. Bc4 Nf6 9. f4 exf4 10. Rxf4 e5 11. Rf2 b5 12. Bb3 c4 13. Bc2 Ng4 14. Rf1 Bc5+
15. Kh1 Qh4 16. h3 Qg3 17. Qf3 Qh2# 0-1

[Event "POHÁR města Říčany 2023"]
[Site "Městské kulturní středisko U labutě"]
[Date "2023.08.27"]
[Round "2.21"]
[White "Pecka, Jan"]
[Black "Cabela, Filip"]
[Result "1-0"]
[WhiteElo "2004"]
[BlackElo "1631"]
[WhiteFideId "23712520"]
[BlackFideId "23753552"]
[PlyCount "0"]
[EventDate "2023.08.26"]

1. e4 e5 2. Nf3 Nc6 3. Bc4 Nf6 4. d3 d6 5. c3 h6 6. Nbd2 Qe7 7. Qb3 g6 8. Nf1
Bg7 9. a4 O-O 10. a5 a6 11. Ne3 Nd8 12. O-O c6 13. Re1 Nh5 14. Qc2 Be6 15. b3
Rc8 16. Ba3 Re8 17. Bxe6 Nxe6 18. Nc4 c5 19. Nb6 Rc6 20. Bc1 g5 21. Nd2 Nhf4
22. Nf1 g4 23. Ne3 h5 24. Nf5 Qd8 25. Nd5 Kh7 26. Bxf4 Nxf4 27. Nxf4 exf4
28. Qd2 Bf6 29. Qxf4 Bg5 30. Qg3 d5 31. f4 Bh6 32. exd5 Rxe1+ 33. Rxe1 Rf6
34. Nxh6 Rxh6 35. Qe3 Qxd5 36. Qe4+ Qxe4 37. Rxe4 Rd6 38. Re3 Kg6 39. Kf2 Kf5
40. g3 f6 41. Ke2 b5 42. Re8 h4 43. Rc8 hxg3 44. hxg3 c4 45. Rc5+ Ke6 46. dxc4
bxc4 47. f5+ Ke7 48. Rxc4 Rd5 49. b4 Rxf5 50. Rxg4 1-0

[Event "POHÁR města Říčany 2023"]
[Site "Městské kulturní středisko U labutě"]
[Date "2023.08.27"]
[Round "2.22"]
[White "Pavlicek, Petr"]
[Black "Popov, Roman"]
[Result "0-1"]
[WhiteElo "1688"]
[BlackElo "1925"]
[WhiteFideId "325163"]
[BlackFideId "23732580"]
[PlyCount "0"]
[EventDate "2023.08.26"]

1. c4 c6 2. e4 d5 3. exd5 cxd5 4. d4 Nf6 5. Nc3 Nc6 6. Bg5 e6 7. Nf3 Be7 8. c5
O-O 9. Bb5 Ne4 10. Bxe7 Nxe7 11. Qc2 Nf5 12. Bd3 Nf6 13. O-O a5 14. a3 Bd7
15. b4 Qc7 16. Bxf5 exf5 17. Ne5 Rfe8 18. b5 b6 19. cxb6 Qxb6 20. Nxd7 Nxd7
21. Qxf5 Qxd4 22. Nxd5 Re5 23. Qxd7 Rxd5 24. Qc6 Rad8 25. Rac1 h5 26. b6 R5d6
27. Qc5 Rxb6 28. Qxa5 h4 29. Rcd1 Qxd1 30. Qxb6 Qd3 31. a4 h3 32. g4 Rd6 33. Qe3
Rg6 0-1

[Event "POHÁR města Říčany 2023"]
[Site "Městské kulturní středisko U labutě"]
[Date "2023.08.27"]
[Round "2.23"]
[White "Benes, Jachym"]
[Black "Lavrincik, Pavel"]
[Result "1-0"]
[WhiteElo "1914"]
[BlackElo "1657"]
[WhiteFideId "23710870"]
[BlackFideId "320188"]
[PlyCount "0"]
[EventDate "2023.08.26"]

1. d4 d6 2. c4 e5 3. d5 Nf6 4. Nc3 g6 5. e4 Bg7 6. Nf3 O-O 7. h3 Nbd7 8. Bg5 a5
9. Be2 Nc5 10. Nd2 h6 11. Be3 b6 12. g4 Ne8 13. Rg1 Qh4 14. Rg3 f5 15. exf5 gxf5
16. Nf3 Qe7 17. gxf5 Bxf5 18. Bxh6 e4 19. Nd4 Nd3+ 20. Bxd3 exd3+ 21. Re3 Qh4
22. Bxg7 Nxg7 23. Nxf5 Rxf5 24. Qd2 Qxc4 25. O-O-O Rxd5 26. Rg1 Rf8 27. Reg3 Rf7
28. Qh6 d2+ 29. Kd1 Rdf5 30. Rxg7+ Kf8 31. Rxf7+ Kxf7 1-0

[Event "POHÁR města Říčany 2023"]
[Site "Městské kulturní středisko U labutě"]
[Date "2023.08.27"]
[Round "2.24"]
[White "Maslo, Ondrej"]
[Black "Rossler, Erik"]
[Result "1-0"]
[WhiteElo "1848"]
[BlackElo "1394"]
[WhiteFideId "368440"]
[BlackFideId "23719761"]
[PlyCount "0"]
[EventDate "2023.08.26"]

1. e4 c5 2. c3 d5 3. exd5 Qxd5 4. d4 e6 5. Nf3 Nf6 6. Be3 Nc6 7. Be2 cxd4
8. cxd4 Bb4+ 9. Nbd2 O-O 10. O-O b6 11. Bc4 Qd8 12. Bb5 Ne7 13. Ne5 Bb7 14. Ndf3
a6 15. Bd3 Ned5 16. Bg5 Be7 17. Qb3 Rc8 18. Rac1 h6 19. Rxc8 Qxc8 20. Rc1 Qd8
21. Bh4 Nf4 22. Bf1 N4d5 23. Bg3 Nh5 24. Nc6 Bxc6 25. Rxc6 Nxg3 26. hxg3 Qa8
27. Qa4 a5 28. Bc4 Qb7 29. Bxd5 exd5 30. Qb5 Bd8 1-0

[Event "POHÁR města Říčany 2023"]
[Site "Městské kulturní středisko U labutě"]
[Date "2023.08.27"]
[Round "2.25"]
[White "Strnadova, Monika"]
[Black "Stufka, Martin"]
[Result "1-0"]
[WhiteElo "1833"]
[BlackElo "1258"]
[WhiteFideId "23701668"]
[BlackFideId "23748800"]
[PlyCount "0"]
[EventDate "2023.08.26"]

1. d4 d5 2. Bf4 c5 3. e3 Nf6 4. Nf3 Bf5 5. h3 e6 6. Nbd2 Nc6 7. c3 Qb6 8. Qb3
c4 9. Qxb6 axb6 10. Be2 Be7 11. O-O h6 12. Ne5 O-O 13. g4 Bh7 14. Bg3 Ra6 15. f4
Rfa8 16. a3 Bxa3 17. bxa3 Rxa3 18. Rxa3 Rxa3 19. g5 Ra2 20. gxf6 Rxd2 21. Bh5
gxf6 22. Ng4 Bd3 23. Rf2 Rd1+ 24. Kh2 Rc1 25. Nxf6+ Kg7 26. Bh4 Rxc3 27. Rg2+
Bg6 28. f5 exf5 29. Nxd5 Rb3 30. Nf4 c3 31. Nxg6 fxg6 32. Bxg6 Rb2 33. Bxf5+
Rxg2+ 34. Kxg2 b5 35. Kf3 b4 36. Ke2 b3 37. Kd3 c2 38. Kd2 Nb4 39. Be7 Nd5
40. Ba3 Kf6 41. Be4 Nc7 42. Bd3 Nd5 43. Bc4 c1=Q+ 44. Bxc1 Ne7 45. Bxb3 h5
46. Kd3 Kf5 47. e4+ Kf6 48. h4 Nc6 49. Bg5+ Kg7 50. e5 Kf8 51. Ke4 Ke8 52. Bd1
1-0

[Event "POHÁR města Říčany 2023"]
[Site "Městské kulturní středisko U labutě"]
[Date "2023.08.27"]
[Round "2.26"]
[White "Zemen, Pavel"]
[Black "Cermak, Filip"]
[Result "1/2-1/2"]
[WhiteElo "1785"]
[BlackElo "1403"]
[WhiteFideId "387410"]
[BlackFideId "23739096"]
[PlyCount "0"]
[EventDate "2023.08.26"]

1. e4 c6 2. d4 d5 3. Nd2 dxe4 4. Nxe4 Bf5 5. Ng3 Bg6 6. h4 h6 7. h5 Bh7 8. Nf3
Nd7 9. Bd3 Bxd3 10. Qxd3 Ngf6 11. Bf4 Qa5+ 12. c3 Nd5 13. Bd2 Qc7 14. Ne2 e5
15. O-O-O O-O-O 16. dxe5 Nc5 17. Qc2 Qa5 18. Kb1 Qa4 19. Qf5+ Kb8 20. Nfd4 Ne6
21. Qxf7 Nxd4 22. Nxd4 Be7 23. Qf3 Nb4 24. cxb4 Rxd4 25. Bc3 Rxd1+ 26. Rxd1 Rf8
27. Qd3 Rd8 28. Qxd8+ Bxd8 29. Rxd8+ Kc7 30. Rd2 Qb5 31. g3 Qf1+ 32. Kc2 Qh3
33. Kc1 Qf1+ 34. Kc2 Qh3 35. a3 Qxh5 36. Kc1 Qf5 37. Re2 Qf3 38. Kd2 Qd5+
39. Ke3 g5 40. f3 h5 41. Rh2 g4 42. fxg4 hxg4 43. Rf2 c5 44. Kf4 Qf7+ 45. Ke3
Qd5 46. bxc5 Qxc5+ 1/2-1/2

[Event "POHÁR města Říčany 2023"]
[Site "Městské kulturní středisko U labutě"]
[Date "2023.08.27"]
[Round "2.27"]
[White "Ocelak, David"]
[Black "Walek, Petr"]
[Result "0-1"]
[WhiteElo "1640"]
[BlackElo "2219"]
[WhiteFideId "23728795"]
[BlackFideId "339393"]
[PlyCount "0"]
[EventDate "2023.08.26"]

1. e4 c5 2. Nf3 g6 3. d4 cxd4 4. Nxd4 Nc6 5. Nc3 Bg7 6. Be3 Nf6 7. Be2 d6
8. O-O O-O 9. h3 Nxd4 10. Bxd4 e5 11. Be3 Be6 12. Bf3 a6 13. Qd2 Rc8 14. Rfd1
Rc6 15. Na4 Qc7 16. Rac1 b5 17. Nc3 Rc8 18. a3 Bf8 19. Be2 Rxc3 20. Qxc3 Qxc3
21. bxc3 Nxe4 22. c4 Nc3 23. Rd2 bxc4 24. Bf1 d5 25. Ra1 d4 26. Bxd4 exd4
27. Rxd4 Bg7 0-1

[Event "POHÁR města Říčany 2023"]
[Site "Městské kulturní středisko U labutě"]
[Date "2023.08.27"]
[Round "2.28"]
[White "Dejmek, Tomas"]
[Black "Stanek, Ondrej"]
[Result "0-1"]
[WhiteElo "1626"]
[BlackElo "2065"]
[WhiteFideId "23719222"]
[BlackFideId "364240"]
[PlyCount "0"]
[EventDate "2023.08.26"]

1. d4 Nf6 2. c4 e6 3. Nf3 b6 4. Nc3 Bb7 5. e3 Bb4 6. Bd2 O-O 7. Bd3 d5 8. cxd5
exd5 9. O-O Nbd7 10. Ne2 Bd6 11. Ng3 Re8 12. Qc2 Ne4 13. b4 g6 14. a4 Nxd2
15. Qxd2 c6 16. Rfc1 Qe7 17. b5 c5 18. Be2 c4 19. Qc2 a6 20. Nd2 f5 21. Bf3 Nf6
22. Ne2 axb5 23. axb5 Ne4 24. Nxe4 dxe4 25. Qxc4+ Qf7 26. Qxf7+ Kxf7 27. Bxe4
Bxe4 28. g3 Rxa1 29. Rxa1 Ra8 30. Rxa8 Bxa8 31. Nc3 Ke6 32. Kf1 Bd5 33. Na4 Bc4+
34. Kg2 Bxb5 35. Nxb6 Bc7 36. d5+ Kd6 37. Nc8+ Kxd5 38. Ne7+ Ke6 39. Ng8 Kf7
40. Nh6+ Kg7 41. Nxf5+ gxf5 42. f3 Kf6 43. Kf2 Ke5 44. Kg2 Bb6 45. Kf2 Kd5
46. h3 Kc4 47. g4 Kd3 48. gxf5 Bxe3+ 49. Kg3 Bg5 50. Kg4 Be7 51. Kh5 Bf8 52. Kg5
Ke3 53. f4 Be8 54. h4 h5 55. f6 Kf3 56. f5 Kg3 57. f7 Bxf7 58. f6 Kh3 0-1

[Event "POHÁR města Říčany 2023"]
[Site "Městské kulturní středisko U labutě"]
[Date "2023.08.27"]
[Round "2.29"]
[White "Hosova, Sandra"]
[Black "Chernyy, Andrey"]
[Result "1/2-1/2"]
[WhiteElo "1898"]
[BlackElo "1638"]
[WhiteFideId "397717"]
[BlackFideId "23723785"]
[PlyCount "0"]
[EventDate "2023.08.26"]

1. d4 d5 2. Bf4 Nf6 3. e3 e6 4. Nf3 c5 5. c3 Nc6 6. Bd3 Bd6 7. Bg3 O-O 8. Ne5
cxd4 9. exd4 Qc7 10. f4 Ne4 11. Qf3 f6 12. Nxc6 Qxc6 13. O-O f5 14. Bxe4 dxe4
15. Qe2 b5 16. Nd2 Ba6 17. Rac1 Rac8 18. Rc2 Qb6 19. Qe3 Rf7 20. Rfc1 Rfc7
21. b3 Ba3 22. Rb1 Be7 23. c4 bxc4 24. bxc4 Qc6 25. Rbc1 Bf6 26. Bf2 Qa4 1/2-1/2

[Event "POHÁR města Říčany 2023"]
[Site "Městské kulturní středisko U labutě"]
[Date "2023.08.27"]
[Round "2.30"]
[White "Siles, Jan"]
[Black "Sadil, Pavel"]
[Result "1-0"]
[WhiteElo "1869"]
[BlackElo "1615"]
[WhiteFideId "23715405"]
[BlackFideId "23710373"]
[PlyCount "0"]
[EventDate "2023.08.26"]

1. d4 d5 2. Nc3 e6 3. Bf4 c6 4. Nf3 Nf6 5. e3 Bb4 6. Bd3 h6 7. O-O O-O 8. Ne5
Nbd7 9. Nb1 Be7 10. Nd2 c5 11. c3 c4 12. Bc2 Nb8 13. g4 Nh7 14. Ndf3 Ng5 15. h4
Nxf3+ 16. Qxf3 Bxh4 17. Qh3 g5 18. Bg3 Kg7 19. Bxh4 gxh4 20. f4 f5 21. Kh1 Qf6
22. Rg1 Kh7 23. g5 hxg5 24. Rxg5 Qh6 25. Qf3 1-0

[Event "POHÁR města Říčany 2023"]
[Site "Městské kulturní středisko U labutě"]
[Date "2023.08.27"]
[Round "2.31"]
[White "Dudkova, Josefina"]
[Black "Andrle, Filip"]
[Result "1/2-1/2"]
[WhiteElo "1587"]
[BlackElo "1848"]
[WhiteFideId "23712350"]
[BlackFideId "23718749"]
[PlyCount "0"]
[EventDate "2023.08.26"]

1. d4 d5 2. Bf4 c5 3. c3 Nc6 4. e3 Nf6 5. Nf3 Qb6 6. Qb3 c4 7. Qc2 Bf5 8. Qc1
Nh5 9. Bg3 Nxg3 10. hxg3 e6 11. Nbd2 Be7 12. b3 cxb3 13. axb3 O-O 14. Be2 Rfe8
15. O-O a5 16. c4 Nb4 17. Qc3 Qc7 18. Rfc1 b6 19. Nb1 Bxb1 20. Rcxb1 dxc4
21. bxc4 b5 22. c5 Nd5 23. Qb3 b4 24. Ne5 Nc3 25. Rb2 Bxc5 26. Bf3 Nd5 27. Bxd5
exd5 28. Qxd5 Bf8 29. Rba2 Red8 30. Qb3 Ra6 31. Rc2 Qb7 32. Qc4 a4 33. Nxf7 Qxf7
34. Qxa6 b3 35. Rb2 a3 36. Rxa3 Bxa3 37. Qxa3 Rb8 38. Qc5 h6 39. d5 Qh5 40. f3
Qe5 41. Rb1 b2 42. Qd4 Qxd4 43. exd4 Kf7 44. Kf2 Ke7 45. Ke3 1/2-1/2

[Event "POHÁR města Říčany 2023"]
[Site "Městské kulturní středisko U labutě"]
[Date "2023.08.27"]
[Round "2.32"]
[White "Simak, Ivo"]
[Black "Petrun, Milan"]
[Result "0-1"]
[WhiteElo "1575"]
[BlackElo "1784"]
[WhiteFideId "390879"]
[BlackFideId "332267"]
[PlyCount "0"]
[EventDate "2023.08.26"]

1. c4 c5 2. e3 Nf6 3. Nc3 Nc6 4. d4 cxd4 5. exd4 d5 6. Bg5 Qa5 7. Bxf6 gxf6
8. cxd5 Nb4 9. Bb5+ Kd8 10. Qa4 Qxa4 11. Bxa4 Bf5 12. Nge2 Nd3+ 13. Kf1 Nxb2
14. Bb3 Rc8 15. f3 h5 16. Kf2 Nd3+ 17. Ke3 Bh6+ 18. f4 Nxf4 19. Kf2 Nd3+ 20. Kf1
h4 21. d6 e6 22. Nb5 Rg8 23. h3 Be4 24. Rh2 Nf4 25. Nc7 Bd3 26. Re1 Nxe2
27. Rxe2 a6 28. Nxe6+ fxe6 29. Bxe6 0-1

[Event "POHÁR města Říčany 2023"]
[Site "Městské kulturní středisko U labutě"]
[Date "2023.08.27"]
[Round "2.33"]
[White "Sadil, Antonin"]
[Black "Bara, Jan"]
[Result "1-0"]
[WhiteElo "1774"]
[BlackElo "1581"]
[WhiteFideId "23735597"]
[BlackFideId "23716150"]
[PlyCount "0"]
[EventDate "2023.08.26"]

1. e4 c5 2. Nf3 d6 3. c3 Nf6 4. Be2 Nc6 5. d4 cxd4 6. cxd4 Nxe4 7. d5 Qa5+
8. Nc3 Nxc3 9. bxc3 Ne5 10. Nxe5 Qxc3+ 11. Bd2 Qxe5 12. O-O Bd7 13. Re1 Qf5
14. Qb3 b6 15. Bd3 Qg4 16. Re4 Qh5 17. Bb5 Rd8 18. Rc1 f5 19. Rf4 g6 20. g4 Qg5
21. Bxd7+ Rxd7 22. Qb5 1-0

[Event "POHÁR města Říčany 2023"]
[Site "Městské kulturní středisko U labutě"]
[Date "2023.08.27"]
[Round "2.34"]
[White "Svadlenka, Michal"]
[Black "Steiner, Juraj"]
[Result "1-0"]
[WhiteElo "1556"]
[BlackElo "1772"]
[WhiteFideId "23717068"]
[BlackFideId "367516"]
[PlyCount "0"]
[EventDate "2023.08.26"]

1. e4 c6 2. d4 d5 3. Nc3 dxe4 4. Nxe4 Nf6 5. Nxf6+ exf6 6. Nf3 Bd6 7. Bd3 O-O
8. O-O Bg4 9. c3 Re8 10. h3 Bh5 11. g4 Bg6 12. Bxg6 hxg6 13. Bd2 Nd7 14. Qc2 Nf8
15. Rfe1 Ne6 16. Re2 Bc7 17. Kg2 g5 18. Rd1 Bf4 19. Be3 Qe7 20. Kf1 Qc7 21. Rde1
g6 22. Qd2 Red8 23. Bxf4 Nxf4 24. Re7 Qa5 25. h4 Kg7 26. hxg5 fxg5 27. R1e5 Nd5
28. Nxg5 1-0

[Event "POHÁR města Říčany 2023"]
[Site "Městské kulturní středisko U labutě"]
[Date "2023.08.27"]
[Round "2.35"]
[White "Sedmihradsky, Tomas"]
[Black "Kubicek, Daniel"]
[Result "1/2-1/2"]
[WhiteElo "1768"]
[BlackElo "1561"]
[WhiteFideId "23709936"]
[BlackFideId "23718838"]
[PlyCount "0"]
[EventDate "2023.08.26"]

1. d4 f5 2. c4 e6 3. g3 d5 4. b3 Bb4+ 5. Bd2 Bxd2+ 6. Qxd2 c6 7. Bg2 Nf6 8. Nf3
O-O 9. O-O Ne4 10. Qb2 Nd7 11. Nbd2 Rf6 12. Ne1 Rh6 13. Ndf3 Qe8 14. Nd3 Ndf6
15. h4 Nh5 16. Qc1 Rg6 17. Nf4 Nhxg3 18. fxg3 Nxg3 19. Re1 Rg4 20. Kh2 Nh5
21. Nxh5 Qxh5 22. Bh3 h6 23. Bxg4 fxg4 24. Ng1 Qxh4+ 25. Kg2 e5 26. Qe3 Bf5
27. Qg3 Be4+ 28. Nf3 Qg5 29. Kh2 Qh5+ 30. Qh4 Bxf3 31. Qxh5 g3+ 32. Kxg3 Bxh5
33. dxe5 Re8 34. cxd5 cxd5 35. Kf4 g5+ 36. Kf5 Kg7 37. e6 Bg6+ 38. Ke5 Bf7
39. Kxd5 Bxe6+ 40. Kd6 Bf5 41. Rac1 Re6+ 42. Kd5 h5 43. e4 Bg4 44. Rg1 Re7
45. Rxg4 hxg4 46. e5 Kf8 47. Rg1 Rd7+ 48. Ke6 Ke8 49. Rxg4 Re7+ 50. Kf5 Rf7+
1/2-1/2

[Event "POHÁR města Říčany 2023"]
[Site "Městské kulturní středisko U labutě"]
[Date "2023.08.27"]
[Round "2.36"]
[White "Osipyan, David"]
[Black "Meca, Viktor st."]
[Result "1/2-1/2"]
[WhiteElo "1555"]
[BlackElo "1755"]
[WhiteFideId "23751827"]
[BlackFideId "23725672"]
[PlyCount "0"]
[EventDate "2023.08.26"]

1. e4 c5 2. Be2 Nc6 3. f4 d6 4. Nf3 Nf6 5. Nc3 g6 6. O-O Bg7 7. d3 O-O 8. h3 a6
9. a4 e6 10. Be3 Qc7 11. Qe1 Rb8 12. d4 cxd4 13. Nxd4 Nxd4 14. Bxd4 Bd7 15. Bf3
b5 16. axb5 axb5 17. Ra7 Qc8 18. Qd2 b4 19. Ne2 Bb5 20. c3 bxc3 21. bxc3 1/2-1/2

[Event "POHÁR města Říčany 2023"]
[Site "Městské kulturní středisko U labutě"]
[Date "2023.08.27"]
[Round "2.37"]
[White "Cizek, Jan"]
[Black "Stork, Rostislav"]
[Result "0-1"]
[WhiteElo "1515"]
[BlackElo "1723"]
[WhiteFideId "23745703"]
[BlackFideId "354988"]
[PlyCount "0"]
[EventDate "2023.08.26"]

1. e4 e5 2. Nf3 Nf6 3. Nxe5 d6 4. Nxf7 Kxf7 5. Nc3 Be7 6. d4 Re8 7. Bd3 Kg8
8. O-O Nc6 9. Be3 Kh8 10. f4 Ng4 11. Qe2 Nxe3 12. Qxe3 Nb4 13. e5 dxe5 14. dxe5
Nxd3 15. cxd3 b6 16. d4 Bb7 17. Rad1 Bb4 18. f5 Bxc3 19. bxc3 Qd5 20. Qf3 Rad8
21. c4 Qxf3 22. gxf3 Ba6 23. Rd2 Bxc4 24. Rc1 b5 25. f4 Rd5 26. Kf2 Kg8 27. Ke3
Kf7 28. Ke4 Red8 29. a4 a6 30. axb5 axb5 31. Ra1 c5 32. Ra7+ Kf8 33. e6 Rxd4+
34. Rxd4 Rxd4+ 35. Ke5 Rd5+ 36. Ke4 b4 37. Rf7+ Ke8 38. Rxg7 b3 39. f6 Rd4+
40. Kf5 Bxe6+ 41. Kxe6 Re4+ 42. Kd5 Re2 43. Kxc5 b2 44. Rb7 Rxh2 45. Kc4 h5
46. Kd3 h4 47. Ke3 h3 48. Kf3 Rc2 0-1